100 Most Popular Baby Girl Names Starting with D in the UK, 2021 - Statistics

General Stats
  • This quiz has been taken 289 times
  • The average score is 29 of 100
Answer Stats
Name % Correct
Daisie
92%
Daisy
92%
Dia
91%
Dani
90%
Daniella
85%
Diana
85%
Danielle
84%
Diane
77%
Dorothy
74%
Debora
73%
Delilah
73%
Dora
73%
Della
70%
Dina
69%
Delia
63%
Dollie
62%
Dolly
62%
Dana
61%
Demi
55%
Destiny
54%
Deborah
53%
Dahlia
52%
Darcie
52%
Darcy
52%
Dottie
52%
Dotty
52%
Dea
51%
Daphne
50%
Daria
45%
Dara
44%
Davina
44%
Darla
43%
Dali
37%
Daniela
33%
Dylan
32%
Dalia
31%
Devon
31%
Drew
30%
Desiree
29%
Dakota
27%
Daya
27%
Dixie
27%
Dorothea
27%
Deena
26%
Delaney
24%
Danica
23%
Diamond
21%
Dolores
21%
Dua
20%
Dania
18%
Divine
18%
Dulcie
16%
Darci
15%
Delphine
15%
Daisy-Mae
13%
Darcey
13%
Delphi
13%
Daisy-May
12%
Darby
12%
Denisa
12%
Dior
11%
Dayana
10%
Darcie-Rose
9%
Dusty
9%
Denver
8%
Dhiya
8%
Diya
8%
Darcie-Mae
7%
Darcy-Mae
7%
Delilah-Rose
7%
Daisy-Rae
6%
Darcie-May
6%
Damaris
5%
Delilah-Mae
5%
Delina
5%
Demi-Leigh
5%
Dolly-Rose
5%
Dolly-Mae
4%
Daisy-Mai
3%
Darcie-Rae
3%
Darya
3%
Deia
3%
Delilah-Grace
3%
Demelza
3%
Dolce
3%
Dunya
3%
Darcie-Leigh
2%
Delilah-Rae
2%
Dolcie
2%
Dalilah
1%
Deniz
1%
Dilara
1%
Diyana
1%
Dominika
1%
Duaa
1%
Daiana
0%
Daneen
0%
Defne
0%
Dolcie-Mae
0%
Duha
0%
No matching quizzes found
Score Distribution
Percent of People with Each Score
Percentile by Number Answered
Your Score History
You have not taken this quiz